Т. 6; Педагогические сочинения

Dades bibliogràfiques
Parent link:Педагогические сочинения: в 6 т./ К. Д. Ушинский; Академия педагогических наук СССР ; сост. С. Ф. Егоров. Т. 6.— , 1988-.— 5-7155-0008-7
Idioma:rus
Publicat: 1990
Matèries:
Format: Llibre
KOHA link:https://koha.lib.tpu.ru/cgi-bin/koha/opac-detail.pl?biblionumber=228282

MARC

LEADER 00000nam2a2200000 4500
001 228282
005 20231101230849.0
010 |a 5715502063 
035 |a (RuTPU)RU\TPU\book\248739 
035 |a RU\TPU\book\248738 
090 |a 228282 
100 |a 20121218g1990 k y0rusy5003 ca 
101 0 |a rus 
102 |a RU 
105 |a a z 001zy 
200 0 |a Т. 6 
210 |d 1990 
215 |a 528 с.  |c ил. 
320 |a Указатель имен: с. 525-526. 
320 |a Библиографический указатель трудов К. Д. Ушинского и литературы о нем: с. 513-524. 
461 1 |0 (RuTPU)RU\TPU\book\248505  |y 5-7155-0008-7  |t Педагогические сочинения  |o в 6 т.  |f К. Д. Ушинский  |g Академия педагогических наук СССР ; сост. С. Ф. Егоров  |v Т. 6  |d 1988- 
606 1 |a Педагогика общая  |2 stltpush  |3 (RuTPU)RU\TPU\subj\48422  |9 67292 
610 1 |a воспитание 
610 1 |a грамматика 
610 1 |a русский язык 
610 1 |a память 
610 1 |a пространство 
610 1 |a время 
610 1 |a мышление 
610 1 |a нервная деятельность 
610 1 |a рассудок 
610 1 |a педагогическая антропология 
610 1 |a внимание 
610 1 |a эстетические феномены 
610 1 |a нравственность 
610 1 |a человек 
610 1 |a физиология 
686 |a Ч31  |2 rubbk 
801 0 |a RU  |b RuMRKP  |c 19950417  |g psbo 
801 1 |a RU  |b 63413507  |c 20121214 
801 2 |a RU  |b 63413507  |c 20191223  |g RCR 
942 |c BK